Sports Quiz

Random Sports or Golf Quiz

Golf Scoring Quiz Stats

 Plays Quiz Updated Dec 20, 2018

Support Sporcle.
Go Orange.
Score 0/8 Timer 02:00
2 Plays Today
Strokes (Relative to Par) Scoring Term % Correct
+/- 0Par
98.4%
-1Birdie
97.6%
-2Eagle
97.3%
1 Shot OnlyAce
96.8%
+1Bogey
96.2%
+2Double Bogey
94%
+3Triple Bogey
92.1%
-3Albatross
86.9%

From the Vault

Are You Smarter Than a College Student? VI

by sproutcm

It seems like Rodney Dangerfield should be involved in this quiz somehow.
Remove Ads.
Support Sporcle.
Get the best of Sporcle when you Go Orange. This ad-free experience offers more features, more stats, and more fun while also helping to support Sporcle. Thank you for becoming a member.

Show Comments

Extras

Top Quizzes Today


Score Distribution

Your Account Isn't Verified!

In order to create a playlist on Sporcle, you need to verify the email address you used during registration. Go to your Sporcle Settings to finish the process.

Report this User

Report this user for behavior that violates our Community Guidelines.

Details: